統一曲(JRE-IKSTシリーズ)によって統一されている路線【第一弾】 - Statistics

General Stats
  • This quiz has been taken 4 times
  • The average score is 485 of 625
Answer Stats
Question Tile Select % Correct
JRE-IKST-001(首都圏15番)が統一している路線は? 埼京線 No
100%
JRE-IKST-001(首都圏15番)が統一している路線は? 中央・総武線 No
100%
JRE-IKST-001(首都圏15番)が統一している路線は? 中央快速線 No
100%
JRE-IKST-001(首都圏15番)が統一している路線は? 青梅線 No
100%
JRE-IKST-001(首都圏15番)が統一している路線は? 京葉線 Yes
100%
JRE-IKST-001(首都圏15番)が統一している路線は? 横浜線 No
100%
JRE-IKST-001(首都圏15番)が統一している路線は? 鶴見線 No
100%
JRE-IKST-001(首都圏15番)が統一している路線は? 常磐快速・常磐線 No
100%
JRE-IKST-001(首都圏15番)が統一している路線は? 京浜東北線 No
100%
JRE-IKST-001(首都圏15番)が統一している路線は? 常磐緩行線 No
100%
JRE-IKST-001(首都圏15番)が統一している路線は? 武蔵野線 No
100%
JRE-IKST-001(首都圏15番)が統一している路線は? 南武線 No
100%
JRE-IKST-001(首都圏15番)が統一している路線は? 横須賀・総武快速線 No
100%
JRE-IKST-001(首都圏15番)が統一している路線は? 湘南新宿ライン No
100%
JRE-IKST-001(首都圏15番)が統一している路線は? 東北本線 No
100%
JRE-IKST-001(首都圏15番)が統一している路線は? 山手線 No
100%
JRE-IKST-001(首都圏15番)が統一している路線は? 高崎線 No
100%
JRE-IKST-001(首都圏15番)が統一している路線は? 内房線 No
100%
JRE-IKST-001(首都圏15番)が統一している路線は? 外房線 No
100%
JRE-IKST-001(首都圏15番)が統一している路線は? 総武本線 No
100%
JRE-IKST-001(首都圏15番)が統一している路線は? 五日市線 No
100%
JRE-IKST-001(首都圏15番)が統一している路線は? 中央本線 No
100%
JRE-IKST-001(首都圏15番)が統一している路線は? 伊東線 No
100%
JRE-IKST-001(首都圏15番)が統一している路線は? 東海道本線 No
100%
JRE-IKST-001(首都圏15番)が統一している路線は? 根岸線 No
100%
JRE-IKST-002(首都圏17番)が統一している路線は? 埼京線 No
100%
JRE-IKST-002(首都圏17番)が統一している路線は? 中央・総武線 No
100%
JRE-IKST-002(首都圏17番)が統一している路線は? 中央快速線 No
100%
JRE-IKST-002(首都圏17番)が統一している路線は? 青梅線 No
100%
JRE-IKST-002(首都圏17番)が統一している路線は? 京葉線 No
100%
JRE-IKST-002(首都圏17番)が統一している路線は? 横浜線 No
100%
JRE-IKST-002(首都圏17番)が統一している路線は? 鶴見線 No
100%
JRE-IKST-002(首都圏17番)が統一している路線は? 常磐快速・常磐線 No
100%
JRE-IKST-002(首都圏17番)が統一している路線は? 京浜東北線 No
100%
JRE-IKST-002(首都圏17番)が統一している路線は? 常磐緩行線 No
100%
JRE-IKST-002(首都圏17番)が統一している路線は? 武蔵野線 Yes
100%
JRE-IKST-002(首都圏17番)が統一している路線は? 南武線 No
100%
JRE-IKST-002(首都圏17番)が統一している路線は? 横須賀・総武快速線 No
100%
JRE-IKST-002(首都圏17番)が統一している路線は? 湘南新宿ライン No
100%
JRE-IKST-002(首都圏17番)が統一している路線は? 東北本線 No
100%
JRE-IKST-002(首都圏17番)が統一している路線は? 山手線 No
100%
JRE-IKST-002(首都圏17番)が統一している路線は? 高崎線 No
100%
JRE-IKST-002(首都圏17番)が統一している路線は? 内房線 No
100%
JRE-IKST-002(首都圏17番)が統一している路線は? 外房線 No
100%
JRE-IKST-002(首都圏17番)が統一している路線は? 総武本線 No
100%
JRE-IKST-002(首都圏17番)が統一している路線は? 五日市線 No
100%
JRE-IKST-002(首都圏17番)が統一している路線は? 中央本線 No
100%
JRE-IKST-002(首都圏17番)が統一している路線は? 伊東線 No
100%
JRE-IKST-002(首都圏17番)が統一している路線は? 東海道本線 No
100%
JRE-IKST-002(首都圏17番)が統一している路線は? 根岸線 No
100%
JRE-IKST-006(首都圏5番)が統一している路線は? 中央・総武線 No
100%
JRE-IKST-006(首都圏5番)が統一している路線は? 中央快速線 No
100%
JRE-IKST-006(首都圏5番)が統一している路線は? 青梅線 No
100%
JRE-IKST-006(首都圏5番)が統一している路線は? 京葉線 No
100%
JRE-IKST-006(首都圏5番)が統一している路線は? 横浜線 No
100%
JRE-IKST-006(首都圏5番)が統一している路線は? 鶴見線 No
100%
JRE-IKST-006(首都圏5番)が統一している路線は? 常磐快速・常磐線 No
100%
JRE-IKST-006(首都圏5番)が統一している路線は? 京浜東北線 No
100%
JRE-IKST-006(首都圏5番)が統一している路線は? 常磐緩行線 No
100%
JRE-IKST-006(首都圏5番)が統一している路線は? 武蔵野線 No
100%
JRE-IKST-006(首都圏5番)が統一している路線は? 南武線 No
100%
JRE-IKST-006(首都圏5番)が統一している路線は? 横須賀・総武快速線 No
100%
JRE-IKST-006(首都圏5番)が統一している路線は? 湘南新宿ライン No
100%
JRE-IKST-006(首都圏5番)が統一している路線は? 東北本線 No
100%
JRE-IKST-006(首都圏5番)が統一している路線は? 山手線 No
100%
JRE-IKST-006(首都圏5番)が統一している路線は? 高崎線 No
100%
JRE-IKST-006(首都圏5番)が統一している路線は? 内房線 No
100%
JRE-IKST-006(首都圏5番)が統一している路線は? 外房線 No
100%
JRE-IKST-006(首都圏5番)が統一している路線は? 総武本線 No
100%
JRE-IKST-006(首都圏5番)が統一している路線は? 中央本線 No
100%
JRE-IKST-006(首都圏5番)が統一している路線は? 伊東線 No
100%
JRE-IKST-006(首都圏5番)が統一している路線は? 東海道本線 No
100%
JRE-IKST-006(首都圏5番)が統一している路線は? 根岸線 No
100%
JRE-IKST-012(首都圏9番)が統一している路線は? 埼京線 No
100%
JRE-IKST-012(首都圏9番)が統一している路線は? 中央・総武線 No
100%
JRE-IKST-012(首都圏9番)が統一している路線は? 中央快速線 No
100%
JRE-IKST-012(首都圏9番)が統一している路線は? 青梅線 No
100%
JRE-IKST-012(首都圏9番)が統一している路線は? 京葉線 No
100%
JRE-IKST-012(首都圏9番)が統一している路線は? 横浜線 No
100%
JRE-IKST-012(首都圏9番)が統一している路線は? 鶴見線 No
100%
JRE-IKST-012(首都圏9番)が統一している路線は? 常磐快速・常磐線 No
100%
JRE-IKST-012(首都圏9番)が統一している路線は? 京浜東北線 No
100%
JRE-IKST-012(首都圏9番)が統一している路線は? 常磐緩行線 No
100%
JRE-IKST-012(首都圏9番)が統一している路線は? 武蔵野線 No
100%
JRE-IKST-012(首都圏9番)が統一している路線は? 南武線 No
100%
JRE-IKST-012(首都圏9番)が統一している路線は? 横須賀・総武快速線 No
100%
JRE-IKST-012(首都圏9番)が統一している路線は? 湘南新宿ライン No
100%
JRE-IKST-012(首都圏9番)が統一している路線は? 東北本線 No
100%
JRE-IKST-012(首都圏9番)が統一している路線は? 山手線 No
100%
JRE-IKST-012(首都圏9番)が統一している路線は? 高崎線 No
100%
JRE-IKST-012(首都圏9番)が統一している路線は? 内房線 No
100%
JRE-IKST-012(首都圏9番)が統一している路線は? 外房線 No
100%
JRE-IKST-012(首都圏9番)が統一している路線は? 総武本線 No
100%
JRE-IKST-012(首都圏9番)が統一している路線は? 五日市線 No
100%
JRE-IKST-012(首都圏9番)が統一している路線は? 中央本線 Yes
100%
JRE-IKST-012(首都圏9番)が統一している路線は? 伊東線 No
100%
JRE-IKST-012(首都圏9番)が統一している路線は? 東海道本線 No
100%
JRE-IKST-012(首都圏9番)が統一している路線は? 根岸線 No
100%
JRE-IKST-014(首都圏20番)が統一している路線は? 埼京線 No
100%
JRE-IKST-014(首都圏20番)が統一している路線は? 中央・総武線 No
100%
JRE-IKST-014(首都圏20番)が統一している路線は? 中央快速線 No
100%
JRE-IKST-014(首都圏20番)が統一している路線は? 青梅線 No
100%
JRE-IKST-014(首都圏20番)が統一している路線は? 京葉線 No
100%
JRE-IKST-014(首都圏20番)が統一している路線は? 横浜線 No
100%
JRE-IKST-014(首都圏20番)が統一している路線は? 鶴見線 No
100%
JRE-IKST-014(首都圏20番)が統一している路線は? 常磐快速・常磐線 No
100%
JRE-IKST-014(首都圏20番)が統一している路線は? 京浜東北線 No
100%
JRE-IKST-014(首都圏20番)が統一している路線は? 常磐緩行線 No
100%
JRE-IKST-014(首都圏20番)が統一している路線は? 武蔵野線 No
100%
JRE-IKST-014(首都圏20番)が統一している路線は? 南武線 Yes
100%
JRE-IKST-014(首都圏20番)が統一している路線は? 横須賀・総武快速線 No
100%
JRE-IKST-014(首都圏20番)が統一している路線は? 湘南新宿ライン No
100%
JRE-IKST-014(首都圏20番)が統一している路線は? 東北本線 No
100%
JRE-IKST-014(首都圏20番)が統一している路線は? 山手線 No
100%
JRE-IKST-014(首都圏20番)が統一している路線は? 高崎線 No
100%
JRE-IKST-014(首都圏20番)が統一している路線は? 内房線 No
100%
JRE-IKST-014(首都圏20番)が統一している路線は? 外房線 No
100%
JRE-IKST-014(首都圏20番)が統一している路線は? 総武本線 No
100%
JRE-IKST-014(首都圏20番)が統一している路線は? 五日市線 No
100%
JRE-IKST-014(首都圏20番)が統一している路線は? 中央本線 No
100%
JRE-IKST-014(首都圏20番)が統一している路線は? 伊東線 No
100%
JRE-IKST-014(首都圏20番)が統一している路線は? 東海道本線 No
100%
JRE-IKST-014(首都圏20番)が統一している路線は? 根岸線 No
100%
JRE-IKST-017(首都圏2番)が統一している路線は? 埼京線 No
100%
JRE-IKST-017(首都圏2番)が統一している路線は? 中央・総武線 No
100%
JRE-IKST-017(首都圏2番)が統一している路線は? 中央快速線 No
100%
JRE-IKST-017(首都圏2番)が統一している路線は? 青梅線 No
100%
JRE-IKST-017(首都圏2番)が統一している路線は? 京葉線 No
100%
JRE-IKST-017(首都圏2番)が統一している路線は? 横浜線 Yes
100%
JRE-IKST-017(首都圏2番)が統一している路線は? 鶴見線 No
100%
JRE-IKST-017(首都圏2番)が統一している路線は? 常磐快速・常磐線 No
100%
JRE-IKST-017(首都圏2番)が統一している路線は? 京浜東北線 No
100%
JRE-IKST-017(首都圏2番)が統一している路線は? 常磐緩行線 No
100%
JRE-IKST-017(首都圏2番)が統一している路線は? 武蔵野線 No
100%
JRE-IKST-017(首都圏2番)が統一している路線は? 南武線 No
100%
JRE-IKST-017(首都圏2番)が統一している路線は? 横須賀・総武快速線 No
100%
JRE-IKST-017(首都圏2番)が統一している路線は? 湘南新宿ライン No
100%
JRE-IKST-017(首都圏2番)が統一している路線は? 東北本線 No
100%
JRE-IKST-017(首都圏2番)が統一している路線は? 山手線 No
100%
JRE-IKST-017(首都圏2番)が統一している路線は? 高崎線 No
100%
JRE-IKST-017(首都圏2番)が統一している路線は? 内房線 No
100%
JRE-IKST-017(首都圏2番)が統一している路線は? 外房線 No
100%
JRE-IKST-017(首都圏2番)が統一している路線は? 総武本線 No
100%
JRE-IKST-017(首都圏2番)が統一している路線は? 五日市線 No
100%
JRE-IKST-017(首都圏2番)が統一している路線は? 中央本線 No
100%
JRE-IKST-017(首都圏2番)が統一している路線は? 伊東線 No
100%
JRE-IKST-017(首都圏2番)が統一している路線は? 東海道本線 No
100%
JRE-IKST-017(首都圏2番)が統一している路線は? 根岸線 No
100%
JRE-IKST-018(首都圏19番)が統一している路線は? 埼京線 No
100%
JRE-IKST-018(首都圏19番)が統一している路線は? 中央・総武線 No
100%
JRE-IKST-018(首都圏19番)が統一している路線は? 中央快速線 No
100%
JRE-IKST-018(首都圏19番)が統一している路線は? 青梅線 No
100%
JRE-IKST-018(首都圏19番)が統一している路線は? 京葉線 No
100%
JRE-IKST-018(首都圏19番)が統一している路線は? 横浜線 No
100%
JRE-IKST-018(首都圏19番)が統一している路線は? 鶴見線 No
100%
JRE-IKST-018(首都圏19番)が統一している路線は? 常磐快速・常磐線 No
100%
JRE-IKST-018(首都圏19番)が統一している路線は? 京浜東北線 No
100%
JRE-IKST-018(首都圏19番)が統一している路線は? 常磐緩行線 No
100%
JRE-IKST-018(首都圏19番)が統一している路線は? 武蔵野線 No
100%
JRE-IKST-018(首都圏19番)が統一している路線は? 南武線 No
100%
JRE-IKST-018(首都圏19番)が統一している路線は? 横須賀・総武快速線 No
100%
JRE-IKST-018(首都圏19番)が統一している路線は? 湘南新宿ライン Yes
100%
JRE-IKST-018(首都圏19番)が統一している路線は? 東北本線 No
100%
JRE-IKST-018(首都圏19番)が統一している路線は? 山手線 No
100%
JRE-IKST-018(首都圏19番)が統一している路線は? 高崎線 No
100%
JRE-IKST-018(首都圏19番)が統一している路線は? 内房線 No
100%
JRE-IKST-018(首都圏19番)が統一している路線は? 外房線 No
100%
JRE-IKST-018(首都圏19番)が統一している路線は? 総武本線 No
100%
JRE-IKST-018(首都圏19番)が統一している路線は? 五日市線 No
100%
JRE-IKST-018(首都圏19番)が統一している路線は? 中央本線 No
100%
JRE-IKST-018(首都圏19番)が統一している路線は? 伊東線 No
100%
JRE-IKST-018(首都圏19番)が統一している路線は? 東海道本線 No
100%
JRE-IKST-018(首都圏19番)が統一している路線は? 根岸線 No
100%
JRE-IKST-019(首都圏18番)が統一している路線は? 埼京線 No
100%
JRE-IKST-019(首都圏18番)が統一している路線は? 中央・総武線 No
100%
JRE-IKST-019(首都圏18番)が統一している路線は? 中央快速線 No
100%
JRE-IKST-019(首都圏18番)が統一している路線は? 青梅線 No
100%
JRE-IKST-019(首都圏18番)が統一している路線は? 京葉線 No
100%
JRE-IKST-019(首都圏18番)が統一している路線は? 横浜線 No
100%
JRE-IKST-019(首都圏18番)が統一している路線は? 鶴見線 Yes
100%
JRE-IKST-019(首都圏18番)が統一している路線は? 常磐快速・常磐線 No
100%
JRE-IKST-019(首都圏18番)が統一している路線は? 京浜東北線 No
100%
JRE-IKST-019(首都圏18番)が統一している路線は? 常磐緩行線 No
100%
JRE-IKST-019(首都圏18番)が統一している路線は? 南武線 No
100%
JRE-IKST-019(首都圏18番)が統一している路線は? 横須賀・総武快速線 No
100%
JRE-IKST-019(首都圏18番)が統一している路線は? 湘南新宿ライン No
100%
JRE-IKST-019(首都圏18番)が統一している路線は? 東北本線 No
100%
JRE-IKST-019(首都圏18番)が統一している路線は? 山手線 No
100%
JRE-IKST-019(首都圏18番)が統一している路線は? 高崎線 No
100%
JRE-IKST-019(首都圏18番)が統一している路線は? 内房線 No
100%
JRE-IKST-019(首都圏18番)が統一している路線は? 外房線 No
100%
JRE-IKST-019(首都圏18番)が統一している路線は? 総武本線 No
100%
JRE-IKST-019(首都圏18番)が統一している路線は? 五日市線 No
100%
JRE-IKST-019(首都圏18番)が統一している路線は? 中央本線 No
100%
JRE-IKST-019(首都圏18番)が統一している路線は? 伊東線 No
100%
JRE-IKST-019(首都圏18番)が統一している路線は? 東海道本線 No
100%
JRE-IKST-019(首都圏18番)が統一している路線は? 根岸線 No
100%
JRE-IKST-022(首都圏36番)が統一している路線は? 埼京線 No
100%
JRE-IKST-022(首都圏36番)が統一している路線は? 中央・総武線 No
100%
JRE-IKST-022(首都圏36番)が統一している路線は? 中央快速線 No
100%
JRE-IKST-022(首都圏36番)が統一している路線は? 青梅線 No
100%
JRE-IKST-022(首都圏36番)が統一している路線は? 京葉線 No
100%
JRE-IKST-022(首都圏36番)が統一している路線は? 横浜線 No
100%
JRE-IKST-022(首都圏36番)が統一している路線は? 鶴見線 No
100%
JRE-IKST-022(首都圏36番)が統一している路線は? 常磐快速・常磐線 No
100%
JRE-IKST-022(首都圏36番)が統一している路線は? 京浜東北線 No
100%
JRE-IKST-022(首都圏36番)が統一している路線は? 常磐緩行線 No
100%
JRE-IKST-022(首都圏36番)が統一している路線は? 武蔵野線 No
100%
JRE-IKST-022(首都圏36番)が統一している路線は? 南武線 No
100%
JRE-IKST-022(首都圏36番)が統一している路線は? 横須賀・総武快速線 No
100%
JRE-IKST-022(首都圏36番)が統一している路線は? 湘南新宿ライン No
100%
JRE-IKST-022(首都圏36番)が統一している路線は? 東北本線 No
100%
JRE-IKST-022(首都圏36番)が統一している路線は? 山手線 No
100%
JRE-IKST-022(首都圏36番)が統一している路線は? 高崎線 No
100%
JRE-IKST-022(首都圏36番)が統一している路線は? 総武本線 No
100%
JRE-IKST-022(首都圏36番)が統一している路線は? 五日市線 No
100%
JRE-IKST-022(首都圏36番)が統一している路線は? 中央本線 No
100%
JRE-IKST-022(首都圏36番)が統一している路線は? 伊東線 No
100%
JRE-IKST-022(首都圏36番)が統一している路線は? 東海道本線 No
100%
JRE-IKST-022(首都圏36番)が統一している路線は? 根岸線 No
100%
JRE-IKST-023(首都圏24番)が統一している路線は? 成田線 No
100%
JRE-IKST-023(首都圏24番)が統一している路線は? 中央・総武線 No
100%
JRE-IKST-023(首都圏24番)が統一している路線は? 小海線 Yes
100%
JRE-IKST-023(首都圏24番)が統一している路線は? 青梅線 No
100%
JRE-IKST-023(首都圏24番)が統一している路線は? 京葉線 No
100%
JRE-IKST-023(首都圏24番)が統一している路線は? 吾妻線 No
100%
JRE-IKST-023(首都圏24番)が統一している路線は? 鶴見線 No
100%
JRE-IKST-023(首都圏24番)が統一している路線は? 常磐快速・常磐線 No
100%
JRE-IKST-023(首都圏24番)が統一している路線は? 京浜東北線 No
100%
JRE-IKST-023(首都圏24番)が統一している路線は? 常磐緩行線 No
100%
JRE-IKST-023(首都圏24番)が統一している路線は? 武蔵野線 No
100%
JRE-IKST-023(首都圏24番)が統一している路線は? 信越本線 No
100%
JRE-IKST-023(首都圏24番)が統一している路線は? 横須賀・総武快速線 No
100%
JRE-IKST-023(首都圏24番)が統一している路線は? 鹿島線 No
100%
JRE-IKST-023(首都圏24番)が統一している路線は? 東北本線 No
100%
JRE-IKST-023(首都圏24番)が統一している路線は? 山手線 No
100%
JRE-IKST-023(首都圏24番)が統一している路線は? 高崎線 No
100%
JRE-IKST-023(首都圏24番)が統一している路線は? 内房線 No
100%
JRE-IKST-023(首都圏24番)が統一している路線は? 外房線 No
100%
JRE-IKST-023(首都圏24番)が統一している路線は? 総武本線 No
100%
JRE-IKST-023(首都圏24番)が統一している路線は? 五日市線 No
100%
JRE-IKST-023(首都圏24番)が統一している路線は? 中央本線 No
100%
JRE-IKST-023(首都圏24番)が統一している路線は? 伊東線 No
100%
JRE-IKST-023(首都圏24番)が統一している路線は? 東海道本線 No
100%
JRE-IKST-023(首都圏24番)が統一している路線は? 根岸線 No
100%
JRE-IKST-003(首都圏10番)が統一している路線は? 埼京線 No
67%
JRE-IKST-003(首都圏10番)が統一している路線は? 中央快速線 No
67%
JRE-IKST-003(首都圏10番)が統一している路線は? 青梅線 No
67%
JRE-IKST-003(首都圏10番)が統一している路線は? 京葉線 No
67%
JRE-IKST-003(首都圏10番)が統一している路線は? 横浜線 No
67%
JRE-IKST-003(首都圏10番)が統一している路線は? 鶴見線 No
67%
JRE-IKST-003(首都圏10番)が統一している路線は? 京浜東北線 No
67%
JRE-IKST-003(首都圏10番)が統一している路線は? 常磐緩行線 No
67%
JRE-IKST-003(首都圏10番)が統一している路線は? 武蔵野線 No
67%
JRE-IKST-003(首都圏10番)が統一している路線は? 南武線 No
67%
JRE-IKST-003(首都圏10番)が統一している路線は? 横須賀・総武快速線 No
67%
JRE-IKST-003(首都圏10番)が統一している路線は? 湘南新宿ライン No
67%
JRE-IKST-003(首都圏10番)が統一している路線は? 東北本線 No
67%
JRE-IKST-003(首都圏10番)が統一している路線は? 山手線 No
67%
JRE-IKST-003(首都圏10番)が統一している路線は? 高崎線 No
67%
JRE-IKST-003(首都圏10番)が統一している路線は? 内房線 No
67%
JRE-IKST-003(首都圏10番)が統一している路線は? 外房線 No
67%
JRE-IKST-003(首都圏10番)が統一している路線は? 総武本線 No
67%
JRE-IKST-003(首都圏10番)が統一している路線は? 五日市線 No
67%
JRE-IKST-003(首都圏10番)が統一している路線は? 中央本線 No
67%
JRE-IKST-003(首都圏10番)が統一している路線は? 伊東線 No
67%
JRE-IKST-003(首都圏10番)が統一している路線は? 東海道本線 No
67%
JRE-IKST-003(首都圏10番)が統一している路線は? 根岸線 No
67%
JRE-IKST-006(首都圏5番)が統一している路線は? 埼京線 Yes
67%
JRE-IKST-007(首都圏1番)が統一している路線は? 埼京線 No
67%
JRE-IKST-007(首都圏1番)が統一している路線は? 中央・総武線 No
67%
JRE-IKST-007(首都圏1番)が統一している路線は? 中央快速線 No
67%
JRE-IKST-007(首都圏1番)が統一している路線は? 青梅線 No
67%
JRE-IKST-007(首都圏1番)が統一している路線は? 京葉線 No
67%
JRE-IKST-007(首都圏1番)が統一している路線は? 横浜線 No
67%
JRE-IKST-007(首都圏1番)が統一している路線は? 鶴見線 No
67%
JRE-IKST-007(首都圏1番)が統一している路線は? 常磐快速・常磐線 No
67%
JRE-IKST-007(首都圏1番)が統一している路線は? 京浜東北線 Yes
67%
JRE-IKST-007(首都圏1番)が統一している路線は? 常磐緩行線 No
67%
JRE-IKST-007(首都圏1番)が統一している路線は? 武蔵野線 No
67%
JRE-IKST-007(首都圏1番)が統一している路線は? 南武線 No
67%
JRE-IKST-007(首都圏1番)が統一している路線は? 横須賀・総武快速線 No
67%
JRE-IKST-007(首都圏1番)が統一している路線は? 湘南新宿ライン No
67%
JRE-IKST-007(首都圏1番)が統一している路線は? 東北本線 No
67%
JRE-IKST-007(首都圏1番)が統一している路線は? 山手線 No
67%
JRE-IKST-007(首都圏1番)が統一している路線は? 高崎線 No
67%
JRE-IKST-007(首都圏1番)が統一している路線は? 内房線 No
67%
JRE-IKST-007(首都圏1番)が統一している路線は? 外房線 No
67%
JRE-IKST-007(首都圏1番)が統一している路線は? 総武本線 No
67%
JRE-IKST-007(首都圏1番)が統一している路線は? 五日市線 No
67%
JRE-IKST-007(首都圏1番)が統一している路線は? 中央本線 No
67%
JRE-IKST-007(首都圏1番)が統一している路線は? 川越線 No
67%
JRE-IKST-007(首都圏1番)が統一している路線は? 東海道本線 No
67%
JRE-IKST-009(首都圏6番)が統一している路線は? 埼京線 No
67%
JRE-IKST-009(首都圏6番)が統一している路線は? 中央・総武線 No
67%
JRE-IKST-009(首都圏6番)が統一している路線は? 中央快速線 No
67%
JRE-IKST-009(首都圏6番)が統一している路線は? 青梅線 No
67%
JRE-IKST-009(首都圏6番)が統一している路線は? 京葉線 No
67%
JRE-IKST-009(首都圏6番)が統一している路線は? 横浜線 No
67%
JRE-IKST-009(首都圏6番)が統一している路線は? 鶴見線 No
67%
JRE-IKST-009(首都圏6番)が統一している路線は? 常磐快速・常磐線 No
67%
JRE-IKST-009(首都圏6番)が統一している路線は? 京浜東北線 No
67%
JRE-IKST-009(首都圏6番)が統一している路線は? 常磐緩行線 No
67%
JRE-IKST-009(首都圏6番)が統一している路線は? 武蔵野線 No
67%
JRE-IKST-009(首都圏6番)が統一している路線は? 南武線 No
67%
JRE-IKST-009(首都圏6番)が統一している路線は? 横須賀・総武快速線 No
67%
JRE-IKST-009(首都圏6番)が統一している路線は? 湘南新宿ライン No
67%
JRE-IKST-009(首都圏6番)が統一している路線は? 東北本線 No
67%
JRE-IKST-009(首都圏6番)が統一している路線は? 山手線 No
67%
JRE-IKST-009(首都圏6番)が統一している路線は? 高崎線 Yes
67%
JRE-IKST-009(首都圏6番)が統一している路線は? 内房線 No
67%
JRE-IKST-009(首都圏6番)が統一している路線は? 外房線 No
67%
JRE-IKST-009(首都圏6番)が統一している路線は? 総武本線 No
67%
JRE-IKST-009(首都圏6番)が統一している路線は? 五日市線 No
67%
JRE-IKST-009(首都圏6番)が統一している路線は? 中央本線 No
67%
JRE-IKST-009(首都圏6番)が統一している路線は? 伊東線 No
67%
JRE-IKST-009(首都圏6番)が統一している路線は? 東海道本線 No
67%
JRE-IKST-009(首都圏6番)が統一している路線は? 根岸線 No
67%
JRE-IKST-010(首都圏11番)が統一している路線は? 埼京線 No
67%
JRE-IKST-010(首都圏11番)が統一している路線は? 中央・総武線 No
67%
JRE-IKST-010(首都圏11番)が統一している路線は? 中央快速線 No
67%
JRE-IKST-010(首都圏11番)が統一している路線は? 青梅線 No
67%
JRE-IKST-010(首都圏11番)が統一している路線は? 京葉線 No
67%
JRE-IKST-010(首都圏11番)が統一している路線は? 横浜線 No
67%
JRE-IKST-010(首都圏11番)が統一している路線は? 鶴見線 No
67%
JRE-IKST-010(首都圏11番)が統一している路線は? 常磐快速・常磐線 No
67%
JRE-IKST-010(首都圏11番)が統一している路線は? 京浜東北線 No
67%
JRE-IKST-010(首都圏11番)が統一している路線は? 常磐緩行線 No
67%
JRE-IKST-010(首都圏11番)が統一している路線は? 武蔵野線 No
67%
JRE-IKST-010(首都圏11番)が統一している路線は? 南武線 No
67%
JRE-IKST-010(首都圏11番)が統一している路線は? 横須賀・総武快速線 No
67%
JRE-IKST-010(首都圏11番)が統一している路線は? 湘南新宿ライン No
67%
JRE-IKST-010(首都圏11番)が統一している路線は? 東北本線 No
67%
JRE-IKST-010(首都圏11番)が統一している路線は? 山手線 Yes
67%
JRE-IKST-010(首都圏11番)が統一している路線は? 高崎線 No
67%
JRE-IKST-010(首都圏11番)が統一している路線は? 内房線 No
67%
JRE-IKST-010(首都圏11番)が統一している路線は? 外房線 No
67%
JRE-IKST-010(首都圏11番)が統一している路線は? 総武本線 No
67%
JRE-IKST-010(首都圏11番)が統一している路線は? 五日市線 No
67%
JRE-IKST-010(首都圏11番)が統一している路線は? 中央本線 No
67%
JRE-IKST-010(首都圏11番)が統一している路線は? 伊東線 No
67%
JRE-IKST-010(首都圏11番)が統一している路線は? 東海道本線 No
67%
JRE-IKST-010(首都圏11番)が統一している路線は? 根岸線 No
67%
JRE-IKST-013(首都圏12番)が統一している路線は? 埼京線 No
67%
JRE-IKST-013(首都圏12番)が統一している路線は? 中央・総武線 No
67%
JRE-IKST-013(首都圏12番)が統一している路線は? 中央快速線 No
67%
JRE-IKST-013(首都圏12番)が統一している路線は? 青梅線 No
67%
JRE-IKST-013(首都圏12番)が統一している路線は? 京葉線 No
67%
JRE-IKST-013(首都圏12番)が統一している路線は? 横浜線 No
67%
JRE-IKST-013(首都圏12番)が統一している路線は? 鶴見線 No
67%
JRE-IKST-013(首都圏12番)が統一している路線は? 常磐快速・常磐線 Yes
67%
JRE-IKST-013(首都圏12番)が統一している路線は? 京浜東北線 No
67%
JRE-IKST-013(首都圏12番)が統一している路線は? 常磐緩行線 No
67%
JRE-IKST-013(首都圏12番)が統一している路線は? 武蔵野線 No
67%
JRE-IKST-013(首都圏12番)が統一している路線は? 南武線 No
67%
JRE-IKST-013(首都圏12番)が統一している路線は? 横須賀・総武快速線 No
67%
JRE-IKST-013(首都圏12番)が統一している路線は? 湘南新宿ライン No
67%
JRE-IKST-013(首都圏12番)が統一している路線は? 東北本線 No
67%
JRE-IKST-013(首都圏12番)が統一している路線は? 山手線 No
67%
JRE-IKST-013(首都圏12番)が統一している路線は? 高崎線 No
67%
JRE-IKST-013(首都圏12番)が統一している路線は? 川越線 No
67%
JRE-IKST-013(首都圏12番)が統一している路線は? 外房線 No
67%
JRE-IKST-013(首都圏12番)が統一している路線は? 総武本線 No
67%
JRE-IKST-013(首都圏12番)が統一している路線は? 五日市線 No
67%
JRE-IKST-013(首都圏12番)が統一している路線は? 中央本線 No
67%
JRE-IKST-013(首都圏12番)が統一している路線は? 伊東線 No
67%
JRE-IKST-013(首都圏12番)が統一している路線は? 東海道本線 No
67%
JRE-IKST-013(首都圏12番)が統一している路線は? 根岸線 No
67%
JRE-IKST-015(首都圏4番)が統一している路線は? 埼京線 No
67%
JRE-IKST-015(首都圏4番)が統一している路線は? 中央・総武線 No
67%
JRE-IKST-015(首都圏4番)が統一している路線は? 中央快速線 No
67%
JRE-IKST-015(首都圏4番)が統一している路線は? 青梅線 No
67%
JRE-IKST-015(首都圏4番)が統一している路線は? 京葉線 No
67%
JRE-IKST-015(首都圏4番)が統一している路線は? 横浜線 No
67%
JRE-IKST-015(首都圏4番)が統一している路線は? 鶴見線 No
67%
JRE-IKST-015(首都圏4番)が統一している路線は? 常磐快速・常磐線 No
67%
JRE-IKST-015(首都圏4番)が統一している路線は? 京浜東北線 No
67%
JRE-IKST-015(首都圏4番)が統一している路線は? 常磐緩行線 No
67%
JRE-IKST-015(首都圏4番)が統一している路線は? 武蔵野線 No
67%
JRE-IKST-015(首都圏4番)が統一している路線は? 南武線 No
67%
JRE-IKST-015(首都圏4番)が統一している路線は? 湘南新宿ライン No
67%
JRE-IKST-015(首都圏4番)が統一している路線は? 東北本線 No
67%
JRE-IKST-015(首都圏4番)が統一している路線は? 山手線 No
67%
JRE-IKST-015(首都圏4番)が統一している路線は? 高崎線 No
67%
JRE-IKST-015(首都圏4番)が統一している路線は? 内房線 No
67%
JRE-IKST-015(首都圏4番)が統一している路線は? 外房線 No
67%
JRE-IKST-015(首都圏4番)が統一している路線は? 五日市線 No
67%
JRE-IKST-015(首都圏4番)が統一している路線は? 中央本線 No
67%
JRE-IKST-015(首都圏4番)が統一している路線は? 伊東線 No
67%
JRE-IKST-015(首都圏4番)が統一している路線は? 東海道本線 No
67%
JRE-IKST-015(首都圏4番)が統一している路線は? 根岸線 No
67%
JRE-IKST-016(首都圏8番)が統一している路線は? 埼京線 No
67%
JRE-IKST-016(首都圏8番)が統一している路線は? 中央・総武線 No
67%
JRE-IKST-016(首都圏8番)が統一している路線は? 中央快速線 Yes
67%
JRE-IKST-016(首都圏8番)が統一している路線は? 青梅線 No
67%
JRE-IKST-016(首都圏8番)が統一している路線は? 京葉線 No
67%
JRE-IKST-016(首都圏8番)が統一している路線は? 横浜線 No
67%
JRE-IKST-016(首都圏8番)が統一している路線は? 鶴見線 No
67%
JRE-IKST-016(首都圏8番)が統一している路線は? 常磐快速・常磐線 No
67%
JRE-IKST-016(首都圏8番)が統一している路線は? 京浜東北線 No
67%
JRE-IKST-016(首都圏8番)が統一している路線は? 常磐緩行線 No
67%
JRE-IKST-016(首都圏8番)が統一している路線は? 武蔵野線 No
67%
JRE-IKST-016(首都圏8番)が統一している路線は? 南武線 No
67%
JRE-IKST-016(首都圏8番)が統一している路線は? 横須賀・総武快速線 No
67%
JRE-IKST-016(首都圏8番)が統一している路線は? 湘南新宿ライン No
67%
JRE-IKST-016(首都圏8番)が統一している路線は? 東北本線 No
67%
JRE-IKST-016(首都圏8番)が統一している路線は? 山手線 No
67%
JRE-IKST-016(首都圏8番)が統一している路線は? 高崎線 No
67%
JRE-IKST-016(首都圏8番)が統一している路線は? 内房線 No
67%
JRE-IKST-016(首都圏8番)が統一している路線は? 外房線 No
67%
JRE-IKST-016(首都圏8番)が統一している路線は? 総武本線 No
67%
JRE-IKST-016(首都圏8番)が統一している路線は? 五日市線 No
67%
JRE-IKST-016(首都圏8番)が統一している路線は? 中央本線 No
67%
JRE-IKST-016(首都圏8番)が統一している路線は? 伊東線 No
67%
JRE-IKST-016(首都圏8番)が統一している路線は? 東海道本線 No
67%
JRE-IKST-016(首都圏8番)が統一している路線は? 根岸線 No
67%
JRE-IKST-019(首都圏18番)が統一している路線は? 武蔵野線 No
67%
JRE-IKST-020(首都圏21番)が統一している路線は? 埼京線 No
67%
JRE-IKST-020(首都圏21番)が統一している路線は? 中央・総武線 No
67%
JRE-IKST-020(首都圏21番)が統一している路線は? 中央快速線 No
67%
JRE-IKST-020(首都圏21番)が統一している路線は? 青梅線 No
67%
JRE-IKST-020(首都圏21番)が統一している路線は? 京葉線 No
67%
JRE-IKST-020(首都圏21番)が統一している路線は? 横浜線 No
67%
JRE-IKST-020(首都圏21番)が統一している路線は? 鶴見線 No
67%
JRE-IKST-020(首都圏21番)が統一している路線は? 常磐快速・常磐線 No
67%
JRE-IKST-020(首都圏21番)が統一している路線は? 京浜東北線 No
67%
JRE-IKST-020(首都圏21番)が統一している路線は? 常磐緩行線 No
67%
JRE-IKST-020(首都圏21番)が統一している路線は? 武蔵野線 No
67%
JRE-IKST-020(首都圏21番)が統一している路線は? 南武線 No
67%
JRE-IKST-020(首都圏21番)が統一している路線は? 横須賀・総武快速線 No
67%
JRE-IKST-020(首都圏21番)が統一している路線は? 湘南新宿ライン No
67%
JRE-IKST-020(首都圏21番)が統一している路線は? 東北本線 No
67%
JRE-IKST-020(首都圏21番)が統一している路線は? 山手線 No
67%
JRE-IKST-020(首都圏21番)が統一している路線は? 高崎線 No
67%
JRE-IKST-020(首都圏21番)が統一している路線は? 内房線 No
67%
JRE-IKST-020(首都圏21番)が統一している路線は? 外房線 No
67%
JRE-IKST-020(首都圏21番)が統一している路線は? 総武本線 No
67%
JRE-IKST-020(首都圏21番)が統一している路線は? 五日市線 No
67%
JRE-IKST-020(首都圏21番)が統一している路線は? 中央本線 No
67%
JRE-IKST-020(首都圏21番)が統一している路線は? 伊東線 Yes
67%
JRE-IKST-020(首都圏21番)が統一している路線は? 東海道本線 No
67%
JRE-IKST-020(首都圏21番)が統一している路線は? 根岸線 No
67%
JRE-IKST-021(首都圏3番)が統一している路線は? 埼京線 No
67%
JRE-IKST-021(首都圏3番)が統一している路線は? 中央・総武線 No
67%
JRE-IKST-021(首都圏3番)が統一している路線は? 中央快速線 No
67%
JRE-IKST-021(首都圏3番)が統一している路線は? 青梅線 No
67%
JRE-IKST-021(首都圏3番)が統一している路線は? 京葉線 No
67%
JRE-IKST-021(首都圏3番)が統一している路線は? 横浜線 No
67%
JRE-IKST-021(首都圏3番)が統一している路線は? 鶴見線 No
67%
JRE-IKST-021(首都圏3番)が統一している路線は? 常磐快速・常磐線 No
67%
JRE-IKST-021(首都圏3番)が統一している路線は? 京浜東北線 No
67%
JRE-IKST-021(首都圏3番)が統一している路線は? 常磐緩行線 No
67%
JRE-IKST-021(首都圏3番)が統一している路線は? 武蔵野線 No
67%
JRE-IKST-021(首都圏3番)が統一している路線は? 南武線 No
67%
JRE-IKST-021(首都圏3番)が統一している路線は? 横須賀・総武快速線 No
67%
JRE-IKST-021(首都圏3番)が統一している路線は? 湘南新宿ライン No
67%
JRE-IKST-021(首都圏3番)が統一している路線は? 東北本線 Yes
67%
JRE-IKST-021(首都圏3番)が統一している路線は? 山手線 No
67%
JRE-IKST-021(首都圏3番)が統一している路線は? 高崎線 No
67%
JRE-IKST-021(首都圏3番)が統一している路線は? 内房線 No
67%
JRE-IKST-021(首都圏3番)が統一している路線は? 外房線 No
67%
JRE-IKST-021(首都圏3番)が統一している路線は? 総武本線 No
67%
JRE-IKST-021(首都圏3番)が統一している路線は? 五日市線 No
67%
JRE-IKST-021(首都圏3番)が統一している路線は? 中央本線 No
67%
JRE-IKST-021(首都圏3番)が統一している路線は? 伊東線 No
67%
JRE-IKST-021(首都圏3番)が統一している路線は? 東海道本線 Yes
67%
JRE-IKST-021(首都圏3番)が統一している路線は? 根岸線 No
67%
JRE-IKST-022(首都圏36番)が統一している路線は? 内房線 Yes
67%
JRE-IKST-022(首都圏36番)が統一している路線は? 外房線 No
67%
JRE-IKST-025(首都圏26番)が統一している路線は? 小海線 No
67%
JRE-IKST-025(首都圏26番)が統一している路線は? 中央・総武線 No
67%
JRE-IKST-025(首都圏26番)が統一している路線は? 篠ノ井線 No
67%
JRE-IKST-025(首都圏26番)が統一している路線は? 青梅線 No
67%
JRE-IKST-025(首都圏26番)が統一している路線は? 飯山線 No
67%
JRE-IKST-025(首都圏26番)が統一している路線は? 東北新幹線 No
67%
JRE-IKST-025(首都圏26番)が統一している路線は? 常磐快速・常磐線 No
67%
JRE-IKST-025(首都圏26番)が統一している路線は? 京浜東北線 No
67%
JRE-IKST-025(首都圏26番)が統一している路線は? 常磐緩行線 No
67%
JRE-IKST-025(首都圏26番)が統一している路線は? 武蔵野線 No
67%
JRE-IKST-025(首都圏26番)が統一している路線は? 南武線 No
67%
JRE-IKST-025(首都圏26番)が統一している路線は? 横須賀・総武快速線 No
67%
JRE-IKST-025(首都圏26番)が統一している路線は? 上越新幹線 No
67%
JRE-IKST-025(首都圏26番)が統一している路線は? 吾妻線 No
67%
JRE-IKST-025(首都圏26番)が統一している路線は? 高崎線 No
67%
JRE-IKST-025(首都圏26番)が統一している路線は? 内房線 No
67%
JRE-IKST-025(首都圏26番)が統一している路線は? 外房線 No
67%
JRE-IKST-025(首都圏26番)が統一している路線は? 総武本線 No
67%
JRE-IKST-025(首都圏26番)が統一している路線は? 五日市線 No
67%
JRE-IKST-025(首都圏26番)が統一している路線は? 中央本線 No
67%
JRE-IKST-025(首都圏26番)が統一している路線は? 両毛線 No
67%
JRE-IKST-025(首都圏26番)が統一している路線は? 東海道本線 No
67%
JRE-IKST-025(首都圏26番)が統一している路線は? 根岸線 No
67%
JRE-IKST-026(首都圏25番)が統一している路線は? 埼京線 No
67%
JRE-IKST-026(首都圏25番)が統一している路線は? 中央・総武線 No
67%
JRE-IKST-026(首都圏25番)が統一している路線は? 中央快速線 No
67%
JRE-IKST-026(首都圏25番)が統一している路線は? 青梅線 No
67%
JRE-IKST-026(首都圏25番)が統一している路線は? 京葉線 No
67%
JRE-IKST-026(首都圏25番)が統一している路線は? 横浜線 No
67%
JRE-IKST-026(首都圏25番)が統一している路線は? 常磐快速・常磐線 No
67%
JRE-IKST-026(首都圏25番)が統一している路線は? 両毛線 No
67%
JRE-IKST-026(首都圏25番)が統一している路線は? 常磐緩行線 No
67%
JRE-IKST-026(首都圏25番)が統一している路線は? 武蔵野線 No
67%
JRE-IKST-026(首都圏25番)が統一している路線は? 横須賀・総武快速線 No
67%
JRE-IKST-026(首都圏25番)が統一している路線は? 湘南新宿ライン No
67%
JRE-IKST-026(首都圏25番)が統一している路線は? 東北本線 No
67%
JRE-IKST-026(首都圏25番)が統一している路線は? 両毛線 No
67%
JRE-IKST-026(首都圏25番)が統一している路線は? 篠ノ井線 No
67%
JRE-IKST-026(首都圏25番)が統一している路線は? 内房線 No
67%
JRE-IKST-026(首都圏25番)が統一している路線は? 総武本線 No
67%
JRE-IKST-026(首都圏25番)が統一している路線は? 五日市線 No
67%
JRE-IKST-026(首都圏25番)が統一している路線は? 中央本線 No
67%
JRE-IKST-026(首都圏25番)が統一している路線は? 小海線 No
67%
JRE-IKST-026(首都圏25番)が統一している路線は? 東海道本線 No
67%
JRE-IKST-026(首都圏25番)が統一している路線は? 根岸線 No
67%
JRE-IKST-027(首都圏33番)が統一している路線は? 鹿島線 No
67%
JRE-IKST-027(首都圏33番)が統一している路線は? 信越本線 No
67%
JRE-IKST-027(首都圏33番)が統一している路線は? 青梅線 No
67%
JRE-IKST-027(首都圏33番)が統一している路線は? 京葉線 No
67%
JRE-IKST-027(首都圏33番)が統一している路線は? 横浜線 No
67%
JRE-IKST-027(首都圏33番)が統一している路線は? 成田線 No
67%
JRE-IKST-027(首都圏33番)が統一している路線は? 常磐快速・常磐線 No
67%
JRE-IKST-027(首都圏33番)が統一している路線は? 京浜東北線 No
67%
JRE-IKST-027(首都圏33番)が統一している路線は? 常磐緩行線 No
67%
JRE-IKST-027(首都圏33番)が統一している路線は? 武蔵野線 No
67%
JRE-IKST-027(首都圏33番)が統一している路線は? 南武線 No
67%
JRE-IKST-027(首都圏33番)が統一している路線は? 横須賀・総武快速線 No
67%
JRE-IKST-027(首都圏33番)が統一している路線は? 湘南新宿ライン No
67%
JRE-IKST-027(首都圏33番)が統一している路線は? 東北本線 No
67%
JRE-IKST-027(首都圏33番)が統一している路線は? 山手線 No
67%
JRE-IKST-027(首都圏33番)が統一している路線は? 高崎線 No
67%
JRE-IKST-027(首都圏33番)が統一している路線は? 内房線 No
67%
JRE-IKST-027(首都圏33番)が統一している路線は? 総武本線 No
67%
JRE-IKST-027(首都圏33番)が統一している路線は? 五日市線 No
67%
JRE-IKST-027(首都圏33番)が統一している路線は? 中央本線 No
67%
JRE-IKST-027(首都圏33番)が統一している路線は? 伊東線 No
67%
JRE-IKST-027(首都圏33番)が統一している路線は? 東海道本線 No
67%
JRE-IKST-027(首都圏33番)が統一している路線は? 相模線 No
67%
JRE-IKST-031(首都圏32番)が統一している路線は? 上越線 No
67%
JRE-IKST-031(首都圏32番)が統一している路線は? 中央・総武線 No
67%
JRE-IKST-031(首都圏32番)が統一している路線は? 中央快速線 No
67%
JRE-IKST-031(首都圏32番)が統一している路線は? 小海線 No
67%
JRE-IKST-031(首都圏32番)が統一している路線は? 両毛線 No
67%
JRE-IKST-031(首都圏32番)が統一している路線は? 横浜線 No
67%
JRE-IKST-031(首都圏32番)が統一している路線は? 鶴見線 No
67%
JRE-IKST-031(首都圏32番)が統一している路線は? 常磐快速・常磐線 No
67%
JRE-IKST-031(首都圏32番)が統一している路線は? 京浜東北線 No
67%
JRE-IKST-031(首都圏32番)が統一している路線は? 常磐緩行線 No
67%
JRE-IKST-031(首都圏32番)が統一している路線は? 鹿島線 No
67%
JRE-IKST-031(首都圏32番)が統一している路線は? 水郡線 Yes
67%
JRE-IKST-031(首都圏32番)が統一している路線は? 横須賀・総武快速線 No
67%
JRE-IKST-031(首都圏32番)が統一している路線は? 湘南新宿ライン No
67%
JRE-IKST-031(首都圏32番)が統一している路線は? 東北本線 No
67%
JRE-IKST-031(首都圏32番)が統一している路線は? 山手線 No
67%
JRE-IKST-031(首都圏32番)が統一している路線は? 高崎線 No
67%
JRE-IKST-031(首都圏32番)が統一している路線は? 内房線 No
67%
JRE-IKST-031(首都圏32番)が統一している路線は? 外房線 No
67%
JRE-IKST-031(首都圏32番)が統一している路線は? 総武本線 No
67%
JRE-IKST-031(首都圏32番)が統一している路線は? 五日市線 No
67%
JRE-IKST-031(首都圏32番)が統一している路線は? 中央本線 No
67%
JRE-IKST-031(首都圏32番)が統一している路線は? 伊東線 No
67%
JRE-IKST-031(首都圏32番)が統一している路線は? 東海道本線 No
67%
JRE-IKST-031(首都圏32番)が統一している路線は? 根岸線 No
67%
JRE-IKST-036(東北102番)が統一している路線は? 埼京線 No
67%
JRE-IKST-036(東北102番)が統一している路線は? 中央・総武線 No
67%
JRE-IKST-036(東北102番)が統一している路線は? 八高線 No
67%
JRE-IKST-036(東北102番)が統一している路線は? 青梅線 No
67%
JRE-IKST-036(東北102番)が統一している路線は? 飯山線 No
67%
JRE-IKST-036(東北102番)が統一している路線は? 仙石線 No
67%
JRE-IKST-036(東北102番)が統一している路線は? 水郡線 No
67%
JRE-IKST-036(東北102番)が統一している路線は? 常磐快速・常磐線 No
67%
JRE-IKST-036(東北102番)が統一している路線は? 京浜東北線 No
67%
JRE-IKST-036(東北102番)が統一している路線は? 篠ノ井線 No
67%
JRE-IKST-036(東北102番)が統一している路線は? 武蔵野線 No
67%
JRE-IKST-036(東北102番)が統一している路線は? 南武線 No
67%
JRE-IKST-036(東北102番)が統一している路線は? 横須賀・総武快速線 No
67%
JRE-IKST-036(東北102番)が統一している路線は? 湘南新宿ライン No
67%
JRE-IKST-036(東北102番)が統一している路線は? 東北本線 No
67%
JRE-IKST-036(東北102番)が統一している路線は? 山手線 No
67%
JRE-IKST-036(東北102番)が統一している路線は? 磐越西線 No
67%
JRE-IKST-036(東北102番)が統一している路線は? 磐越東線 Yes
67%
JRE-IKST-036(東北102番)が統一している路線は? 外房線 No
67%
JRE-IKST-036(東北102番)が統一している路線は? 総武本線 No
67%
JRE-IKST-036(東北102番)が統一している路線は? 五日市線 No
67%
JRE-IKST-036(東北102番)が統一している路線は? 中央本線 No
67%
JRE-IKST-036(東北102番)が統一している路線は? 伊東線 No
67%
JRE-IKST-036(東北102番)が統一している路線は? 東海道本線 No
67%
JRE-IKST-036(東北102番)が統一している路線は? 根岸線 No
67%
JRE-IKST-003(首都圏10番)が統一している路線は? 中央・総武線 Yes
33%
JRE-IKST-003(首都圏10番)が統一している路線は? 常磐快速・常磐線 No
33%
JRE-IKST-006(首都圏5番)が統一している路線は? 川越線 Yes
33%
JRE-IKST-015(首都圏4番)が統一している路線は? 横須賀・総武快速線 Yes
33%
JRE-IKST-015(首都圏4番)が統一している路線は? 総武本線 No
33%
JRE-IKST-025(首都圏26番)が統一している路線は? 上越線 Yes
33%
JRE-IKST-025(首都圏26番)が統一している路線は? 信越本線 No
33%
JRE-IKST-026(首都圏25番)が統一している路線は? 吾妻線 No
33%
JRE-IKST-026(首都圏25番)が統一している路線は? 上越線 No
33%
JRE-IKST-027(首都圏33番)が統一している路線は? 両毛線 No
33%
JRE-IKST-027(首都圏33番)が統一している路線は? 外房線 Yes
33%
JRE-IKST-028(首都圏27番)が統一している路線は? 埼京線 No
33%
JRE-IKST-028(首都圏27番)が統一している路線は? 中央・総武線 No
33%
JRE-IKST-028(首都圏27番)が統一している路線は? 中央快速線 No
33%
JRE-IKST-028(首都圏27番)が統一している路線は? 青梅線 No
33%
JRE-IKST-028(首都圏27番)が統一している路線は? 京葉線 No
33%
JRE-IKST-028(首都圏27番)が統一している路線は? 横浜線 No
33%
JRE-IKST-028(首都圏27番)が統一している路線は? 鶴見線 No
33%
JRE-IKST-028(首都圏27番)が統一している路線は? 常磐快速・常磐線 No
33%
JRE-IKST-028(首都圏27番)が統一している路線は? 京浜東北線 No
33%
JRE-IKST-028(首都圏27番)が統一している路線は? 常磐緩行線 No
33%
JRE-IKST-028(首都圏27番)が統一している路線は? 武蔵野線 No
33%
JRE-IKST-028(首都圏27番)が統一している路線は? 信越本線 No
33%
JRE-IKST-028(首都圏27番)が統一している路線は? 横須賀・総武快速線 No
33%
JRE-IKST-028(首都圏27番)が統一している路線は? 両毛線 Yes
33%
JRE-IKST-028(首都圏27番)が統一している路線は? 東北本線 No
33%
JRE-IKST-028(首都圏27番)が統一している路線は? 吾妻線 No
33%
JRE-IKST-028(首都圏27番)が統一している路線は? 成田線 No
33%
JRE-IKST-028(首都圏27番)が統一している路線は? 内房線 No
33%
JRE-IKST-028(首都圏27番)が統一している路線は? 外房線 No
33%
JRE-IKST-028(首都圏27番)が統一している路線は? 総武本線 No
33%
JRE-IKST-028(首都圏27番)が統一している路線は? 上越線 No
33%
JRE-IKST-028(首都圏27番)が統一している路線は? 中央本線 No
33%
JRE-IKST-028(首都圏27番)が統一している路線は? 伊東線 No
33%
JRE-IKST-028(首都圏27番)が統一している路線は? 東海道本線 No
33%
JRE-IKST-028(首都圏27番)が統一している路線は? 根岸線 No
33%
JRE-IKST-007(首都圏1番)が統一している路線は? 根岸線 Yes
0%
JRE-IKST-026(首都圏25番)が統一している路線は? 信越本線 Yes
0%
No matching quizzes found
Score Distribution
Percent of People with Each Score
Percentile by Number Answered
Your Score History
You have not taken this quiz